000 00452nam a2200097Ia 4500
008 180130s9999 xx 000 0 und d
245 _cLurie, Liora
_aPlay as a world of magic and drama: Winnicott's ideas about play and their application to children's psychotherapy
260 _c2014
300 _aBook title: Play : psychoanalytic perspectives, survival and human development--Acession number C18636; pages 33-46
650 _aPLAY--PSYCHOLOGICAL ASPECTS
999 _c354502
_d354502